| 000 | 01004cam a22003015a 4500 | ||
|---|---|---|---|
| 001 | 3634687 | ||
| 005 | 20240818093004.0 | ||
| 008 | 750715t1976 nyua frb 001 0 eng d | ||
| 010 | _a 75023140 | ||
| 020 | _a9780471774211 | ||
| 040 |
_aDLC _beng _cDLC _dDLC _dEG-ScBUE |
||
| 082 | 0 | 4 |
_a572.0151 _bSEG _222 |
| 100 | 1 |
_aSegel, Irwin H., _d1935- _938559 |
|
| 245 | 1 | 0 |
_aBiochemical calculations : _bhow to solve mathematical problems in general biochemistry / _cIrwin H. Segel. |
| 250 | _a2nd ed. | ||
| 260 |
_aHoboken : _bJohn Wiley & Sons, _cc.1976. |
||
| 300 |
_axiii, 441 p. : _bill. ; _c26 cm. |
||
| 500 | _aIndex : p. 435-441. | ||
| 504 | _aIncludes bibliographical references. | ||
| 650 | 0 |
_aBiochemistry _xProblems, exercises, etc. _2BUEsh |
|
| 651 | _2BUEsh | ||
| 653 |
_bPPhrm _cOctober2015 |
||
| 655 |
_vReading book _934232 |
||
| 942 |
_2ddc _k572.0151 SEG _hRDA-MOD |
||
| 999 |
_c20962 _d20934 |
||
| 336 |
_2rdacontent _atext _btxt |
||
| 337 |
_aunmediated _2rdamedia _bn |
||
| 338 |
_avolume _bnc _2rdacarrier |
||